000 00922nas a2200313 4500
001 BR9509873
003 BR-BrBNA
005 20231205095534.0
007 ta
008 230509b bl.|||p| |||| 00| 00por d
040 _aBR-BrBNA
_bpor
_cBiblioteca Nacional de Agricultura
041 _a(Pt)
072 _aH10
100 1 _aMoraes, L.A.H. de
100 1 _aBraun, J.
100 1 _aPorto, O. de M.
100 1 _aFinkler, L.M.
100 1 _aGimenez, P.R.M.
100 1 _aCamerini, C.C.
100 1 _aConte, M. de O.
245 1 _aControle quimico do "acaro da leprose" Brevipalpus phoenicis (Geijskes, 1939)(Acari, Tenuipalpidae)em citrus
650 _aFruta Citrica
650 _aAcaro
650 _aPesticida
650 _aControle Quimico
773 0 _tPesquisa Agropecuaria Gaucha (Brazil)
_x
_g(1995), v. 1(1) p. 7-11
_wBR9509873
909 _a202311
_bLúcia
_c55
_dLúcia Elande
942 _2AGRIS
_n0
_cANA
999 _c151263
_d151263